| 000 | 00561nam a2200181 4500 | ||
|---|---|---|---|
| 001 | VA13556 | ||
| 003 | ES-SlBCS | ||
| 005 | 20210601154606.0 | ||
| 008 | 140520s1960 xxu||||| |||| 00| 0 spa d | ||
| 041 | _aspa | ||
| 100 | 1 |
_aSimoneaux, Enrique _9371696 |
|
| 245 | 1 | 0 |
_aLa Dirección Espiritual y la diversidad de caracteres _cEnrique Simoneaux; Antonio Álvarez De Linera |
| 260 |
_aMadrid : _bStudium _c, 1960 |
||
| 300 |
_a270 p.; _c19 cm |
||
| 650 |
_aDirección Espiritual-Caracteres _9371697 |
||
| 700 | 1 | 0 |
_aÁlvarez de Linera, Antonio _928413 |
| 942 | _cBK | ||
| 999 |
_c806901 _d806901 |
||